000 00752nam a22002177a 4500
003 DO-SdBNP
005 20171130104801.0
008 171109b 1967 sp ||||| |||| 00| 0 spa d
040 _aBPMSU
_bsp
_cBPMSU
092 _axxxx
_bxxxx
240 _aGemma del fiume rosso.
_lEspañol
245 1 0 _aLa Perla del río Rojo /
_cEmilio Salgari ; traducción: Carlos González Castresana ; cubierta y dibujos a pluma: Antonio Soler Pedret.
260 _aBarcelona :
_b Mateu,
_c1967.
300 _a266 p. :
_bil. ;
_c18 cm.
490 1 _aSalgari, Emilio
_v12
700 1 2 _aGonzález Castresana, Carlos,
_etr.
830 0 _aSalgari, Emilio
_v12
942 _2ddc
_cBK
945 _aInventariado extranjero /2017 BT
956 _aLOPEREZ
_b10
_c20171109
_d0041
999 _c12834
_d12834